000
00421nam a2200145Ia 4500
008
100122s9999 xx 000 0 und d
082
_b
37253
_a
823
100
_a
दिघे प्रभाकर
245
_a
इंद्राणी
260
_b
दिलीपराज प्रकाशन
_c
1905
300
_a
250
630
_a
इंद्राणी
730
_a
इंद्राणी
942
_c
BOOK
999
_c
419713
_d
419710